Datum a čas kvízu
23.5
Celkem bodů
Celkový počet nahraných bodů na tomto kvízu bez doplňovacích otázek.
6.
Pořadí na kvízu
Konečné umístění týmu na tomto kvízu.
Zaznamenané odpovědi
| # | Otázka | Odpověď | Body | Výsledky |
|---|---|---|---|---|
| 1. | Který český politik zveřejnil... | Vít Rakušan | 0 | |
| 2. | Správci pozůstalosti nedávno z... | Sinéad O'Connor | 0 | |
| 3. | Frontman jedné úspěšné britské... | Dakota Johnson, Chris Martin | 1 | |
| 4. | Od středy minulého týdne je za... | HHC | 1 | |
| 5. | V pondělí byl představen ofici... | Invalidovna | 1 | |
| 6. | Začneme prvním českým králem p... | Rudolf (I. Habsburský) | 0 | |
| 7. | Další „slavnou“ prohrou, která... | stoletá válka | 0 | |
| 8. | V bitvě u Lipan, kterou řadí m... | Prokop | 0 | |
| 9. | Bitva na Bílé hoře v roce 1620... | D) 2 hodiny | 0 | |
| 10. | Napište jména dvou mužů, kteří... | Neville Chamberlain, Édouard Daladier | 0 |